Voice-overs : (Record no. 322)

MARC details
000 -LEADER
campo de control de longitud fija 01740cam a2200361 a 4500
001 - NÚMERO DE CONTROL
campo de control 13724398
005 - FECHA Y HORA DE LA ÚLTIMA TRANSACCIÓN
campo de control 20220326193303.0
008 - DATOS DE LONGITUD FIJA--INFORMACIÓN GENERAL
campo de control de longitud fija 040920s2004 sa ac b 001 0 eng d
010 ## - NÚMERO DE CONTROL DE LA BIBLIOTECA DEL CONGRESO
Número de control de LC 2004448311
020 ## - NÚMERO INTERNACIONAL ESTÁNDAR DEL LIBRO
Número Internacional Estándar del Libro 186838344X
035 ## - NÚMERO DE CONTROL DEL SISTEMA
Número de control de sistema (OCoLC)ocm56516141
040 ## - FUENTE DE CATALOGACIÓN
Centro catalogador/agencia de origen Z@L
Centro/agencia transcriptor Z@L
Centro/agencia modificador DLC
042 ## - CÓDIGO DE AUTENTICACIÓN
Código de autenticación lccopycat
043 ## - CÓDIGO DE ÁREA GEOGRÁFICA
Código de área geográfica f------
-- f-sa---
082 04 - NÚMERO DE LA CLASIFICACIÓN DECIMAL DEWEY
Número de clasificación 709.6
Número de ítem N388v
100 ## - ENTRADA PRINCIPAL--NOMBRE DE PERSONA
Nombre de persona Nettleton, Anitra; Charlton, Julia; Rankin-Smith, Fiona. (Editor)
9 (RLIN) 1519
110 ## - ENTRADA PRINCIPAL--NOMBRE DE ENTIDAD CORPORATIVA
Nombre de entidad corporativa o nombre de jurisdicción como elemento de entrada University of the Witwatersrand Art Galleries
9 (RLIN) 1520
245 00 - MENCIÓN DEL TÍTULO
Título Voice-overs :
Resto del título Wits writings exploring African artworks : Standard Bank African art collection, University of the Witwatersrand Art Galleries /
Mención de responsabilidad, etc. editorial team, Anitra Nettleton, Julia Charlton, Fiona Rankin-Smith.
260 ## - PUBLICACIÓN, DISTRIBUCIÓN, ETC.
Lugar de publicación, distribución, etc. [Johannesburg] :
Nombre del editor, distribuidor, etc. University of Witwatersrand Art Galleries,
Fecha de publicación, distribución, etc. 2004.
300 ## - DESCRIPCIÓN FÍSICA
Extensión 151 p. :
Otras características físicas col. ill. , ports ;
Dimensiones 28 cm.
500 ## - NOTA GENERAL
Nota general "This book accompanies Voice-overs: Wits writings exploring African artworks, an exhibition held at the Standard Bank Gallery, Johannesburg, 30 March-1 May 2004"--Verso t.p.
610 20 - PUNTO DE ACCESO ADICIONAL DE MATERIA--NOMBRE DE ENTIDAD CORPORATIVA
Nombre de entidad corporativa o nombre de jurisdicción como elemento de entrada Standard Bank Limited
Subdivisión general Art collections
Subdivisión de forma Exhibitions.
9 (RLIN) 1521
610 20 - PUNTO DE ACCESO ADICIONAL DE MATERIA--NOMBRE DE ENTIDAD CORPORATIVA
Nombre de entidad corporativa o nombre de jurisdicción como elemento de entrada University of the Witwatersrand.
Unidad subordinada Art Galleries
Subdivisión de forma Exhibitions.
9 (RLIN) 1522
650 #0 - PUNTO DE ACCESO ADICIONAL DE MATERIA--TÉRMINO DE MATERIA
Término de materia o nombre geográfico como elemento de entrada Art, African
Subdivisión de forma Exhibitions.
9 (RLIN) 1523
650 #0 - PUNTO DE ACCESO ADICIONAL DE MATERIA--TÉRMINO DE MATERIA
Término de materia o nombre geográfico como elemento de entrada Art
Subdivisión geográfica South Africa
-- Johanesburg
Subdivisión de forma Exhibitions.
9 (RLIN) 1524
700 1# - ENTRADA AGREGADA--NOMBRE PERSONAL
Nombre de persona Nettleton, Anitra C. E.
9 (RLIN) 1525
700 1# - ENTRADA AGREGADA--NOMBRE PERSONAL
Nombre de persona Charlton, Julia.
9 (RLIN) 1526
700 1# - ENTRADA AGREGADA--NOMBRE PERSONAL
Nombre de persona Rankin-Smith, Fiona.
9 (RLIN) 1527
710 2# - ENTRADA AGREGADA--NOMBRE DE ENTIDAD CORPORATIVA
Nombre de entidad corporativa o nombre de jurisdicción como elemento de entrada University of the Witwatersrand.
Unidad subordinada Art Galleries.
9 (RLIN) 1528
710 2# - ENTRADA AGREGADA--NOMBRE DE ENTIDAD CORPORATIVA
Nombre de entidad corporativa o nombre de jurisdicción como elemento de entrada Standard Bank Centre Art Gallery.
9 (RLIN) 1529
906 ## - ELEMENTOS DE DATOS F LOCAL, LDF (RLIN)
a 7
b cbc
c copycat
d 3
e ncip
f 20
g y-gencatlg
Holdings
Estatus retirado Estado de pérdida Fuente del sistema de clasificación o colocación Estado de daño No para préstamo Biblioteca de origen Biblioteca actual Ubicación en estantería Fecha de adquisición Total de préstamos Signatura topográfica completa Código de barras Visto por última vez Precio de reemplazo Tipo de ítem Koha
    Clasificación Decimal Dewey     Biblioteca LadoV Biblioteca LadoV   31/10/2014   709.6 N388v 000533 31/10/2014 31/10/2014 Material 01